000 00566nam a2200181 a 4500
001 000020082
005 20200929170246.0
008 100720s2005 cu 000 0 spa d
020 _a9590606725
040 _aDO-SdBNP
_bspa
_cBNPHU
082 _axxxx
_bM385n
100 1 _aMartínez, Osvaldo
_96069
245 1 0 _aNeoliberalismo, ALCA y libre comercio /
_cOsvaldo Martínez.
260 _aLa Habana, Cuba :
_bCiencias sociales,
_c2005.
300 _a223 p. ;
_c18 cm.
504 _aIncluye referencias bilbiográficas y notas al pie de las páginas
049 _aBNPD
999 _c19590
_d19590